Guide to international environmental law
Αποθηκεύτηκε σε:
| Κύριος συγγραφέας: | |
|---|---|
| Άλλοι συγγραφείς: | |
| Μορφή: | Βιβλίο |
| Γλώσσα: | English |
| Δημοσίευση: |
Leiden; Boston :
Martinus Nijhoff Publishers,
c2007
|
| Θέματα: | |
| Ετικέτες: |
Προσθήκη ετικέτας
Δεν υπάρχουν, Καταχωρήστε ετικέτα πρώτοι!
|
MARC
| LEADER | 00000cam a2200000 i 4500 | ||
|---|---|---|---|
| 001 | 1/10307 | ||
| 008 | 100924s2007 eng d | ||
| 020 | |a 978-1-57105-344-2 | ||
| 035 | |l 10108967 | ||
| 040 | |a GR-MY-UA |b gre |e aacr | ||
| 041 | 0 | |a eng | |
| 082 | 0 | |a 344.73046 |2 (22) | |
| 100 | 1 | |a Kiss, Alexandre Charles, |d 1925-2007. | |
| 245 | 1 | 0 | |a Guide to international environmental law / |c Alexander Kiss, Dinah Shelton |
| 260 | |a Leiden; Boston : |b Martinus Nijhoff Publishers, |c c2007 | ||
| 300 | |a 313 σ.; |c 24 εκ. | ||
| 500 | |a The development of international environmental law -- International actors and stakeholders -- Multilateral environmental agreements -- Common (customary?) legal principles -- Common legal requirements and implementing measures -- The substance of international environmental law -- Environmental protection in other subject areas of international law | ||
| 504 | |a Περιέχει βιβλιογραφικές αναφορές και ευρετήριο | ||
| 650 | 0 | 0 | |a Environmental law, International. |
| 700 | 1 | |a Shelton, Dinah. | |
| 852 | |a INST |b LESVOS |e 20100924 |h 344.73046 KIS |p 005100048670 |q 005100048670 |t BK |y 0 | ||
| 901 | |a BIBL1-2010-3 | ||
| 909 | |a Λ |b 165299 | ||
| 970 | |a ΤΖΑΦΕΡΗ |b ΕΥΑΓΓΕΛΙΑ |z 2010/09/24 | ||